00687nam a2200241 a 4500001001300000003000900013005001700022008004100039020001000080082001300090100002500103245003400128260004500162300000900207500003500216505002400251650001300275700002500288902000800313942000700321952010400328999001300432nice12345678IN_TiNIC20260116011314.0050524s1926 newa grp 000 0 eng  ac10000a230bBRO aBrown, William Adams aChristian Theology in Outline aNew YorkbCharles Scribner`s Sons,c1926 a468p aincludes index and biblioraphy2 aIndex, Bibliography aTheology1 aBrown, William Adams bSRS cBK 00104070aHMIbHMId2007-08-01g100.00l1o230 BROp408r2022-07-28s2022-07-14w2026-01-16yARB c349d349